Wish - Ma promesse - Statistiques

Statistiques générales
  • Ce quiz a été pris 62 fois
    26 depuis la dernière actualisation
  • Le résultat moyen est 191 sur 212
Statistiques - réponses
Hint Réponse % Correct
Ai
100%
Bras
100%
Dans
100%
Je
100%
Le
100%
Me
100%
Mes
100%
Moi
100%
Magnifico Si
100%
Toujours
100%
Tout
100%
Vous
100%
Beauté
90%
Ce
90%
C'est
90%
Chacun
90%
Chance
90%
Confiance
90%
Danger
90%
De
90%
Dimension
90%
Dirai
90%
Dire
90%
Ébloui
90%
Elle
90%
En
90%
Est
90%
Et
90%
Fou
90%
La
90%
Ma
90%
Malgré
90%
Même
90%
Miroir
90%
Mission
90%
N'auront
90%
Ne
90%
N'était
90%
N'existe
90%
Non
90%
Nous
90%
Oh
90%
Ou
90%
Par
90%
Parfait
90%
Pas
90%
Passe
90%
Peine
90%
Persévérance
90%
Plus
90%
Pour
90%
Promesse
90%
Quand
90%
Que
90%
Qui
90%
Reste
90%
Sera
90%
Soyez
90%
Sur
90%
Temps
90%
Toute
90%
Une
90%
Veillerai
90%
Vie
90%
Voici
90%
Vu
90%
Arrivera
80%
Battrai
80%
Bonheur
80%
Bout
80%
Comptez
80%
Donnerais
80%
Endormez-vous
80%
Garder
80%
J'irai
80%
Jusqu'au
80%
L'accepte
80%
L'espérance
80%
L'explication
80%
N'avait
80%
Portez
80%
Qu'un
80%
Reflet
80%
Rêves
80%
Rien
80%
Serait
80%
Seul
80%
Transportez
80%
Votre
80%
Voudrais
80%
Abondance
70%
Accordez-moi
70%
Alors
70%
Ange
70%
Bonté
70%
D'être
70%
Dort
70%
Droit
70%
Envoûté
70%
Gardien
70%
Quitter
70%
Saurais
70%
Tant
70%
Trésor
70%
J'ai
60%
Aucun quiz correspondant
Distribution des résultats
% des personnes avec chaque résultat
Percentile par nombre de réponses
Votre historique - résultats
Vous n’avez pas pris ce quiz depuis la dernière actualisation